| 000 | 00744cam a2200181 4500 | ||
|---|---|---|---|
| 001 | WS108715 | ||
| 008 | 000000n 000 0 eng u | ||
| 035 | _a(Sirsi) u108715 | ||
| 110 |
_aUrban Design Group _92687 |
||
| 245 | _aUrban Design Group | ||
| 520 | _aSite for this organisation which aims 'to provide a forum for considering the contribution that design can make in creating civilised places'. Includes links to the 'Quarterly Journal of the Urban Design Group' back to 1994 and an index of practices and consultancies. | ||
| 650 | _aURBAN DESIGN | ||
| 650 | _aURBAN RENEWAL | ||
| 650 | _aPLANNING | ||
| 690 | _aREGENERATION | ||
| 856 | 4 | 0 |
_uhttps://www.udg.org.uk _zView the website free of charge at www.udg.org.uk... |
| 942 | _n0 | ||
| 999 |
_c119692 _d119692 |
||